书目信息 |
| 题名: |
地理学导论
|
|
| 作者: | 白光润 编著 | |
| 分册: | ||
| 出版信息: | 北京 高等教育出版社 1993.11 |
|
| 页数: | 166页 | |
| 开本: | 20cm | |
| 丛书名: | ||
| 单 册: | ||
| 中图分类: | K90 | |
| 科图分类: | 57.1 | |
| 主题词: | 地理学 | |
| 电子资源: | ||
| ISBN: | 7-04-004398-X | |
| 000 | 00720nam0 2200241 45 | |
| 001 | 0194006563 | |
| 005 | 20070615143354.37 | |
| 010 | @a7-04-004398-X@dCNY5.75 | |
| 100 | @a19940218d1993 em y0chiy0121 ea | |
| 101 | 0 | @achi |
| 102 | @aCN@b110000 | |
| 105 | @af z 000yy | |
| 200 | 10 | @a地理学导论@ADI LI XUE DAO LUN@f白光润编著@FBAI GUANG RUN BIAN ZHU |
| 210 | @a北京@c高等教育出版社@d1993.11@h1995 | |
| 215 | @a166页@d20cm | |
| 330 | @a本书阐述了地理学的性质、对象、学科体系、理论学说、思想流派及现代地理学的未来趋势等。 | |
| 540 | 1 | @a地理@ADI LI |
| 606 | @a地理学 | |
| 690 | @aK90@v三版 | |
| 692 | @a57.1 | |
| 701 | 0 | @a白光润@ABAI GUANG RUN@4编著 |
| 801 | 0 | @aCN@bTSSF@c20070615 |
| 905 | @a10447@dK90@e158 | |
| 地理学导论/白光润编著.-北京:高等教育出版社,1993.11(1995) |
| 166页;20cm |
| ISBN 7-04-004398-X:CNY5.75 |
| 本书阐述了地理学的性质、对象、学科体系、理论学说、思想流派及现代地理学的未来趋势等。 |
| ● |
| 相关链接 |
|
|
|
|
正题名:地理学导论
索取号:K90/158
 
预约/预借
| 序号 | 登录号 | 条形码 | 馆藏地/架位号 | 状态 | 备注 |
| 1 | 0628514 | 206285143 | 第二样本阅览室/ [索取号:K90/158] | 在馆 | |
| 2 | 0628515 | 206285152 | 第二借阅区/ [索取号:K90/158] | 在馆 | |
| 3 | 0652520 | 206525205 | 密集书库/ [索取号:K90/158] | 在馆 | |
| 4 | 0652521 | 206525214 | 密集书库/ [索取号:K90/158] | 在馆 | |
| 5 | 0652522 | 206525223 | 密集书库/ [索取号:K90/158] | 在馆 |